000
00289nam a2200121Ia 4500
008
190216s9999||||xx |||||||||||||| ||und||
100
_a
Ravindran T K
245
0
_a
Mounathinte Nanarthangal
260
_b
Poorna Pubs Kozhikode
300
_a
182p
650
_a
Malayalam Novel
942
_c
BK
999
_c
27099
_d
27099